000 004560000a22001690004500
003 MACL
005 20151231163554.0
008 151231b xxu||||| |||| 00| 0 eng d
040 _aMACL
_cMACL
041 _aEnglish
082 _a330/GRE
100 _aGregg, Richard B.
_924918
245 _aA Philosophy of Indian Economic Development
260 _bNavajivan Publishing House
_c1958
_aAhmedabad
650 _aEconomics
_925971
942 _cBK
_k330/Gre
_2ddc
999 _c34845
_d34845